[Event "POLFINAL MISTRZOSTW POLSKI JUNIOROW 2016 - C13"]
[Site "Centrum Kongresow i Rekreacji Orle Gniazdo ul. Wrzosowa 28a, Szczyrk"]
[Date "1899-12-30"]
[Round "9.3"]
[White "Grochol, Kamil"]
[Black "Kulesza, Andrzej"]
[Result "1-0"]
[WhiteTitle "II+"]
[BlackTitle "I"]
[WhiteElo "1655"]
[BlackElo "1667"]

1. d4 Nf6 2. Nc3 d5 3. Bg5 Ne4 4. Nxe4 dxe4 5. e3 h6 6. Bf4 c6 7. Bc4 e6 8. Qd2
b5 9. Be2 a5 10. a4 b4 11. f3 exf3 12. Nxf3 Bd6 13. Ne5 O-O 14. O-O Qc7 15. Bh5
Bxe5 16. Bxe5 Qe7 17. Rf3 Nd7 18. Raf1 f6 19. Bg3 Ba6 20. Re1 f5 21. Rf2 Nf6 22.
Bf3 Rac8 23. h3 Rfd8 24. c3 c5 25. Qd1 Nd5 26. Bxd5 Rxd5 27. Be5 Rcd8 28. Qh5
cxd4 29. exd4 Qf7 30. Qxf7+ Kxf7 31. cxb4 axb4 32. Rc2 Bd3 33. Rc7+ R8d7 34. Rec1
g6 35. Kf2 Ke7 36. Rc8 Rd8 37. R8c7+ R5d7 38. Ke3 Be4 39. g3 b3 40. R1c3 Bd5 41.
a5 Rxc7 42. Bxc7 Rc8 43. Bd6+ Kd7 44. Bc5 g5 45. Rc1 h5 46. Ra1 e5 47. a6 f4+
48. gxf4 gxf4+ 49. Kd3 e4+ 50. Ke2 Ke6 51. a7 Kf5 52. Ra5 Bc4+ 53. Ke1 Bd5 54.
Bd6 Ke6 55. Bxf4 Rh8 56. Rxd5 Kxd5 57. Bb8 Kxd4 58. a8=Q Kd3 59. Qd5+ Kc2 60.
Qxe4+ Kc1 61. Bf4+ Kxb2 62. Be5+ Kc1 63. Bxh8 b2 64. Bxb2+ Kxb2 65. Qd3 h4 66.
Ke2 Kc1 67. Qd2+ Kb1 68. Kd3 Ka1 69. Kc3 Kb1 70. Qb2# 1-0

[Event "POLFINAL MISTRZOSTW POLSKI JUNIOROW 2016 - C13"]
[Site "Centrum Kongresow i Rekreacji Orle Gniazdo ul. Wrzosowa 28a, Szczyrk"]
[Date "1899-12-30"]
[Round "9.4"]
[White "Kujawa, Krzysztof"]
[Black "Bartoszewski-reiski, Olaf"]
[Result "1-0"]
[WhiteTitle "II"]
[BlackTitle "II"]
[WhiteElo "1520"]
[BlackElo "1512"]

1. e4 c5 2. Nf3 e6 3. d4 cxd4 4. Nxd4 Nf6 5. Nc3 Bb4 6. e5 Nd5 7. Qg4 g6 8. Qg3
Nxc3 9. bxc3 Be7 10. Bh6 Nc6 11. Nb5 a6 12. Nd6+ Bxd6 13. exd6 b5 14. Be2 Bb7
15. O-O Qa5 16. Bg7 Rg8 17. Bf6 Rc8 18. Qh4 h5 19. Qg5 Rf8 20. Bg7 Rg8 21. Bf6
Rf8 22. Bg7 Rg8 1-0

[Event "POLFINAL MISTRZOSTW POLSKI JUNIOROW 2016 - C13"]
[Site "Centrum Kongresow i Rekreacji Orle Gniazdo ul. Wrzosowa 28a, Szczyrk"]
[Date "1899-12-30"]
[Round "9.5"]
[White "Musiala, Jakub"]
[Black "Wolaniecki, Patryk"]
[Result "1/2-1/2"]
[WhiteTitle "II+"]
[BlackTitle "I"]
[WhiteElo "1590"]
[BlackElo "1653"]

1. e4 c5 2. Nc3 Nc6 3. g3 e6 4. Bg2 Nf6 5. f4 d5 6. e5 Nd7 7. d3 Be7 8. Nf3 O-O
9. O-O a6 10. Qe1 b5 11. g4 f5 12. exf6 Nxf6 13. h3 Ne8 14. a3 g6 15. Ne2 Ng7
16. c3 Qc7 17. d4 c4 18. Ng3 Bd6 19. Ne5 Nxe5 20. fxe5 Rxf1+ 21. Qxf1 Be7 22.
Bd2 Bd7 23. Qe2 Rf8 24. Rf1 Rxf1+ 25. Qxf1 Qd8 26. Ne2 a5 27. Qe1 a4 28. Qf1 Ne8
29. Ng3 Nc7 30. Bf3 Na6 31. Bd1 Nb8 32. Ne2 Nc6 33. Qf4 Bf8 34. Qg5 Qb6 35. Qf4
Bg7 36. Kg2 Qd8 37. Qg5 Qe8 38. Qf4 Nd8 39. h4 Nf7 40. g5 Nd8 41. Ng3 Nc6 42.
h5 Ne7 43. h6 Bh8 1/2-1/2

[Event "POLFINAL MISTRZOSTW POLSKI JUNIOROW 2016 - C13"]
[Site "Centrum Kongresow i Rekreacji Orle Gniazdo ul. Wrzosowa 28a, Szczyrk"]
[Date "1899-12-30"]
[Round "9.6"]
[White "Panek, Bartosz"]
[Black "Wangrat, Jan"]
[Result "1-0"]
[WhiteTitle "II+"]
[BlackTitle "II"]
[WhiteElo "1460"]
[BlackElo "1373"]

1. e4 c5 2. c3 d5 3. exd5 Qxd5 4. d4 Bf5 5. Nf3 Nc6 6. Be2 e6 7. c4 Qd7 8. d5 Nb4
9. O-O Nc2 10. Bd3 Bxd3 11. Qxd3 Nxa1 12. Ne5 Qe7 13. Bf4 f6 14. Nf3 e5 15. Re1
O-O-O 16. Nc3 Qd7 17. Bg3 a6 18. Rxa1 Bd6 19. a3 Ne7 20. Rb1 Ng6 21. b4 b6 22.
Ne4 Kc7 23. Qc3 Qa4 24. Nfd2 Rb8 25. Qb2 cxb4 26. axb4 a5 27. b5 Qa3 28. Qc2 f5
29. Nxd6 Qxd6 30. Qxf5 Rhf8 31. Qd3 Nf4 32. Bxf4 Rxf4 33. Ne4 Qg6 34. f3 Rbf8
35. d6+ Kd7 36. Rf1 Qf7 37. c5 bxc5 38. Nxc5+ Kd8 39. b6 Rb4 40. Qa6 Qd5 41. Qxa5
Rb2 42. b7+ Ke8 43. Qc7 Rxg2+ 44. Kxg2 Qa2+ 45. Kh1 1-0

[Event "POLFINAL MISTRZOSTW POLSKI JUNIOROW 2016 - C13"]
[Site "Centrum Kongresow i Rekreacji Orle Gniazdo ul. Wrzosowa 28a, Szczyrk"]
[Date "1899-12-30"]
[Round "9.7"]
[White "Czarnomski, Dominik"]
[Black "Skowron, Mateusz"]
[Result "1/2-1/2"]
[WhiteTitle "II"]
[BlackTitle "I"]
[WhiteElo "1357"]
[BlackElo "1565"]

1. e4 c6 2. d4 d5 3. Nc3 dxe4 4. Nxe4 Bf5 5. Ng3 Bg6 6. h4 h6 7. Nf3 Nd7 8. h5
Bh7 9. Bd3 Bxd3 10. Qxd3 e6 11. Bd2 Ngf6 12. O-O-O Be7 13. Qe2 O-O 14. Nf1 a5
15. g4 Nh7 16. Kb1 b5 17. Ng3 b4 18. Ne5 Qc7 19. f4 a4 20. Ne4 b3 21. cxb3 axb3
22. a3 Nxe5 23. dxe5 Rfb8 24. g5 hxg5 25. Nxg5 Qa7 26. Nxh7 Kxh7 27. Bc3 Kh8 28.
Rh2 Bxa3 29. bxa3 b2 30. Bxb2 Rb3 31. Kc1 Qc5+ 32. Qc2 Qe3+ 33. Qd2 Qc5+ 34. Qc2
Qe3+ 35. Qd2 Qc5+ 36. Qc2 1/2-1/2

[Event "POLFINAL MISTRZOSTW POLSKI JUNIOROW 2016 - C13"]
[Site "Centrum Kongresow i Rekreacji Orle Gniazdo ul. Wrzosowa 28a, Szczyrk"]
[Date "1899-12-30"]
[Round "9.8"]
[White "Distel, Pawel"]
[Black "Markiewicz, Krzysztof"]
[Result "0-1"]
[WhiteTitle "II"]
[BlackTitle "II"]
[WhiteElo "1471"]
[BlackElo "1430"]

1. e4 c5 2. Nc3 d6 3. g3 Nf6 4. Bg2 g6 5. d3 Bg7 6. Nge2 a6 7. a4 Nc6 8. O-O Qc7
9. f4 Bg4 10. h3 Bxe2 11. Nxe2 Nd7 12. c3 O-O 13. g4 b5 14. axb5 axb5 15. Rxa8
Rxa8 16. f5 c4 17. d4 b4 18. Kh1 bxc3 19. bxc3 Ra2 20. fxg6 hxg6 21. e5 Nb6 22.
Nf4 dxe5 23. Nd5 Nxd5 24. Bxd5 exd4 25. Bxf7+ Kh8 26. Bxc4 Qh2# 0-1

[Event "POLFINAL MISTRZOSTW POLSKI JUNIOROW 2016 - C13"]
[Site "Centrum Kongresow i Rekreacji Orle Gniazdo ul. Wrzosowa 28a, Szczyrk"]
[Date "1899-12-30"]
[Round "9.9"]
[White "Bien, Hubert"]
[Black "Kalkowski, Igor"]
[Result "1-0"]
[WhiteTitle "II"]
[BlackTitle "II"]
[WhiteElo "1408"]
[BlackElo "1348"]

1. d4 Nf6 2. c4 g6 3. Nc3 Bg7 4. e4 d6 5. h3 O-O 6. Bg5 h6 7. Be3 e5 8. d5 a5 9.
Bd3 Na6 10. a3 Bd7 11. Nge2 Ne8 12. Qd2 Kh7 13. f4 exf4 14. Bxf4 Nc5 15. Bc2 Qe7
16. Be3 b6 17. O-O Nf6 18. Bxc5 bxc5 19. Rae1 Nh5 20. Rf3 Be5 21. Ref1 Rab8 22.
b3 Ra8 23. a4 Ng7 24. Kh1 f5 25. exf5 Bxf5 26. Bxf5 Nxf5 27. Nb5 Rf6 28. Kg1 g5
29. Rxf5 Rxf5 30. Rxf5 Kg7 31. Qd3 Re8 32. Qf3 Bd4+ 33. Nbxd4 cxd4 34. Nxd4 Qe1+
35. Kh2 Qe7 36. Ne6+ Kg6 37. Rf8 Rxf8 38. Qxf8 1-0

[Event "POLFINAL MISTRZOSTW POLSKI JUNIOROW 2016 - C13"]
[Site "Centrum Kongresow i Rekreacji Orle Gniazdo ul. Wrzosowa 28a, Szczyrk"]
[Date "1899-12-30"]
[Round "9.10"]
[White "Trybus, Daniel"]
[Black "Smolen, Sebastian"]
[Result "0-1"]
[WhiteTitle "II+"]
[BlackTitle "II"]
[WhiteElo "1495"]
[BlackElo "1292"]

1. d4 e6 2. Nc3 f5 3. e4 fxe4 4. Nxe4 d5 5. Qh5+ g6 6. Qe5 dxe4 7. Qxh8 Nf6 8.
Bg5 Nbd7 9. Be2 Kf7 10. Nh3 Bb4+ 11. c3 Bxc3+ 12. bxc3 Qxh8 0-1

[Event "POLFINAL MISTRZOSTW POLSKI JUNIOROW 2016 - C13"]
[Site "Centrum Kongresow i Rekreacji Orle Gniazdo ul. Wrzosowa 28a, Szczyrk"]
[Date "1899-12-30"]
[Round "9.11"]
[White "Jaszczuk, Mateusz"]
[Black "Olsztynski, Jan"]
[Result "1-0"]
[WhiteTitle "II"]
[BlackTitle "III"]
[WhiteElo "1382"]
[BlackElo "1122"]

1. c4 c5 2. Nc3 Nc6 3. g3 g6 4. Bg2 Bg7 5. d3 d6 6. e4 Bd7 7. Nge2 a6 8. Rb1 Nf6
9. a3 Rb8 10. b4 b6 11. b5 axb5 12. Nxb5 O-O 13. O-O Qc8 14. f4 Re8 15. f5 gxf5
16. exf5 Ne5 17. Nec3 Bxf5 18. Ne4 Qd7 19. Nbc3 Bh3 20. Nxf6+ exf6 21. Nd5 Bxg2
22. Kxg2 Re6 23. Rxb6 Rxb6 24. Nxb6 Qb7+ 25. Nd5 Qb1 26. Nf4 Re7 27. Bd2 Qa2 28.
Qc1 Qb3 29. Bc3 Ra7 30. Rf2 Rxa3 31. Rc2 Bh6 32. Rb2 Qxc3 33. Rb8+ Kg7 34. Nh5+
Kg6 35. Rg8+ Kxh5 36. Qd1+ 1-0